000 00536nam a2200169Ia 4500
008 090201s9999 xx 000 0 und d
010 _aKPL-30991
040 _bमराठी
041 _aमराठी
082 _a31747
_b30991
100 _aपु. ल. देशपांडे
245 _aभाग्यवान
_cपु. ल. देशपांडे
260 _c2004
_bकॉन्टीनेंटल प्रकाशन
300 _a61
_bमोठा
600 _aभाग्यवान
942 _cBOOK
999 _c230146
_d230146